Statistics for Spanish Reflexive Verbs Vocabulary List Quiz

Click here to take the quiz!

General Stats

  • This quiz has been taken 4,769 times
  • The average score is 10 of 18

Answer Stats

Englishespañol% Correct
to take a showerducharse
82%
to get uplevantarse
78%
to bathbañarse
73%
to sit downsentarse
73%
to fallcaerse
70%
to worry preocuparse
68%
to wake updespertarse
63%
to get sickenfermarse
62%
to stayquedarse
62%
to go to bedacostarse
58%
to get dressedvestirse
56%
to get tiredcansarse
53%
to brushcepillarse
48%
to shaveafeitarse
46%
to get angryenojarse
43%
to burn oneselfquemarse
43%
to have a good timedivertirse
30%
to say goodbyedespedirse
24%

Score Distribution

Percentile by Number Answered

Percent of People with Each Score

Your Score History

You have not taken this quiz